Bandes dessinées par images d'antagonistes - Statistiques

Statistiques générales
  • Ce quiz a été pris 120 fois
  • Le résultat moyen est 9 sur 20
Statistiques - réponses
Par images Réponse % Correct
Astérix
100%
Les Aventures de Tintin
94%
Lucky Luke
93%
Titeuf
89%
Les Schtroumpfs
88%
Ducobu
69%
Game Over
62%
Les Tuniques bleues
53%
Spirou et Fantasio
48%
Blake et Mortimer
38%
Largo Winch
38%
Seuls
30%
Alix
25%
Les Légendaires
23%
Thorgal
22%
Benoit Brisefer
21%
Corto Maltese
17%
Zombilénium
13%
Buck Danny
12%
Tif et Tondu
8%
Aucun quiz correspondant
Distribution des résultats
% des personnes avec chaque résultat
Percentile par nombre de réponses
Votre historique - résultats
Vous n’avez pas pris ce quiz